333 sơ đồ kế toán doanh nghiệp : Đã được sửa đổi, bổ sung theo các thông tư mới nhất

Sách bao gồm những nội dung cơ bản của chế độ kế toán doanh nghiệp, các sơ đồ hướng dẫn thực hiện kế toán theo từng chuẩn mực kế toán, các phần hành kế toán chủ yếu và sơ đồ kế toán theo từng loại thuế....

Πλήρης περιγραφή

Αποθηκεύτηκε σε:
Λεπτομέρειες βιβλιογραφικής εγγραφής
Κύριος συγγραφέας: Hà, Thị Ngọc Hà
Μορφή: Βιβλίο
Γλώσσα:Undetermined
Έκδοση: Hà Nội Tài chính 2010
Θέματα:
Ετικέτες: Προσθήκη ετικέτας
Δεν υπάρχουν, Καταχωρήστε ετικέτα πρώτοι!
Thư viện lưu trữ: Trung tâm Học liệu Trường Đại học Cần Thơ
LEADER 01075nam a2200229Ia 4500
001 CTU_160655
008 210402s9999 xx 000 0 und d
020 |c 290000 
082 |a 657.7 
082 |b H100 
100 |a Hà, Thị Ngọc Hà 
245 0 |a 333 sơ đồ kế toán doanh nghiệp : 
245 0 |b Đã được sửa đổi, bổ sung theo các thông tư mới nhất 
245 0 |c Hà Thị Ngọc Hà (chủ biên) 
260 |a Hà Nội 
260 |b Tài chính 
260 |c 2010 
520 |a Sách bao gồm những nội dung cơ bản của chế độ kế toán doanh nghiệp, các sơ đồ hướng dẫn thực hiện kế toán theo từng chuẩn mực kế toán, các phần hành kế toán chủ yếu và sơ đồ kế toán theo từng loại thuế. 
650 |a Accounting,Business enterprises 
650 |x Standards,Accounting 
904 |i Bạch Trúc (Bé Ba) 
980 |a Trung tâm Học liệu Trường Đại học Cần Thơ